000 00706nam a22002297a 4500
005 20170124110011.0
010 _a785410
020 _c15.00
035 _a785410
037 _bCen Lib/ Ret
040 _aDPL
_bEN
082 _a347.2
_bTIW
100 _aTiwari,O.P.
_917709
245 _aThe public premises :
_cby O.P.Tiwari [and] Ashwani Kumar
_beviction of unauthorised occupants /
260 _a Delhi
_bOm law book house
_c1975
270 _aC-38,Civil courts compound Tis Hazari
_bDelhi
_e110054
300 _a112p.
_c22cm(Hb)
650 _aEviction
_zIndia
_917710
650 _aGovernment property
_917711
700 _917566
_aKumar,Ashwani
942 _2ddc
_cEN
_h374.2
_mTIW
999 _c126508
_d126508